[Event "Bruneck-Steinegg"]
[Site "?"]
[Date "2017.12.16"]
[Round "4.4"]
[White "Balzarini, Franco"]
[Black "Engl, Alexander"]
[Result "1-0"]
[WhiteElo "1845"]
[BlackElo "1812"]
[PlyCount "87"]
[EventDate "2017.12.17"]

1. d4 e6 2. Nf3 f5 3. e3 Nf6 4. Bd3 d5 5. O-O Bd6 6. Nbd2 O-O 7. c4 c6 8. b3
Ne4 9. Bb2 Nd7 10. Qc2 Ndf6 11. Ne5 Bd7 12. Nxd7 Qxd7 13. Nf3 Qe7 14. a3 a5 15.
Ne5 g6 16. f3 Ng5 17. c5 Bc7 18. b4 Nd7 19. Bc3 Nxe5 20. dxe5 Nf7 21. Qb2 b6
22. cxb6 Bxb6 23. Bd4 c5 24. bxc5 Bxc5 25. Rfc1 Bxd4 26. exd4 Rfc8 27. Bb5 Rab8
28. a4 Nd8 29. Qd2 Qa7 30. Rc3 Rxc3 31. Qxc3 Nf7 32. Kf1 Kg7 33. Rc1 Rb7 34.
Ke2 h6 35. g3 g5 36. f4 g4 37. Kd3 h5 38. Qc8 Re7 39. Rc6 Qd7 40. Qxd7 Rxd7 41.
Rxe6 Ra7 42. Rc6 Ra8 43. Rc5 Rd8 44. Bc6 1-0

[Event "Bruneck-Steinegg"]
[Site "?"]
[Date "2017.12.16"]
[Round "4.5"]
[White "Lantschner, Carmen"]
[Black "Peintner, Markus"]
[Result "1-0"]
[WhiteElo "1624"]
[BlackElo "1456"]
[PlyCount "115"]
[EventDate "2017.12.17"]

1. e4 c5 2. Nf3 Nc6 3. d4 cxd4 4. Nxd4 e5 5. Nb5 d6 6. Bc4 a6 7. N5c3 Nf6 8. a3
Be7 9. Be3 O-O 10. O-O Ng4 11. Nd5 Nxe3 12. Nxe3 Kh8 13. Nc3 Nd4 14. Ncd5 f5
15. c3 Nc6 16. exf5 Bxf5 17. Nxf5 Rxf5 18. Qd3 Rh5 19. Rad1 Rh6 20. Ne3 Qd7 21.
Nd5 Rf8 22. f4 exf4 23. Rxf4 Rxf4 24. Nxf4 Qg4 25. Qd5 Qc8 26. Ba2 Rf6 27. Ne6
Ne5 28. Re1 Qc6 29. Nd4 Qxd5 30. Bxd5 b6 31. Nc6 Bf8 32. b4 g6 33. Nxe5 dxe5
34. Rxe5 Rd6 35. c4 Kg7 36. Re1 b5 37. Kf2 bxc4 38. Bxc4 Rc6 39. Re4 Kf6 40.
Ke2 Bh6 41. Kd3 Bc1 42. a4 Ba3 43. b5 axb5 44. axb5 Rb6 45. Rd4 Ke5 46. Re4+
Kf5 47. Kd4 g5 48. g4+ Kf6 49. Re8 Bb4 50. Bd3 Kf7 51. Ra8 Be1 52. Kd5 Bd2 53.
Ra7+ Kg8 54. Bxh7+ Kf8 55. Bd3 Be3 56. Ra6 Rb8 57. h3 Ke7 58. Re6+ 1-0

[Event "Bruneck-Steinegg"]
[Site "?"]
[Date "2017.12.16"]
[Round "4.6"]
[White "Scanferla, Antonio"]
[Black "Schroffenegger, Simon"]
[Result "1/2-1/2"]
[WhiteElo "1416"]
[BlackElo "1406"]
[PlyCount "65"]
[EventDate "2017.12.17"]

1. e4 e5 2. Nf3 Nf6 3. Nc3 Nc6 4. Bc4 Bc5 5. d3 O-O 6. Bg5 Be7 7. a3 d6 8. h3
a6 9. d4 exd4 10. Nxd4 Nxe4 11. Nxc6 bxc6 12. Bxe7 Qxe7 13. Qe2 Re8 14. Nxe4
Qxe4 15. Qxe4 Rxe4+ 16. Be2 a5 17. Kd2 Bb7 18. Bf3 Re7 19. Rhe1 Rae8 20. Rxe7
Rxe7 21. Re1 Kf8 22. Rxe7 Kxe7 23. Kc3 d5 24. Kd4 Kd6 25. b4 axb4 26. axb4 Ba6
27. g3 g5 28. Bg4 Bb5 29. h4 h6 30. hxg5 hxg5 31. f4 Ba6 32. Bf5 gxf4 33. gxf4
1/2-1/2

[Event "Kaltern/Tramin-Gries"]
[Site "?"]
[Date "2017.12.16"]
[Round "4.1"]
[White "Zammarchi, Massimo"]
[Black "Bertagnolli, Alexander"]
[Result "0-1"]
[WhiteElo "1943"]
[BlackElo "2404"]
[PlyCount "70"]
[EventDate "2017.12.17"]

1. e4 c5 2. Nf3 e6 3. d4 cxd4 4. Nxd4 Qb6 5. Nb3 Qc7 6. Nc3 a6 7. Bd3 Nf6 8.
Qe2 Bb4 9. O-O Bxc3 10. bxc3 d6 11. Ba3 Nbd7 12. f4 O-O 13. e5 dxe5 14. fxe5
Qxe5 15. Bxf8 Qxe2 16. Bxe2 Kxf8 17. Bf3 Ra7 18. Rad1 b6 19. Rd6 Rc7 20. Rc6
Rxc6 21. Bxc6 Ke7 22. Re1 Kd6 23. Ba8 Ne5 24. Nd2 h6 25. h3 Nfd7 26. Kf2 f5 27.
Rd1 Ke7 28. Nf3 Nc4 29. Nd4 Nc5 30. Nf3 Bd7 31. Nd2 Na3 32. Nb3 Na4 33. Nd4 g5
34. Nf3 Nc4 35. Rd4 b5 0-1

[Event "Kaltern/Tramin-Gries"]
[Site "?"]
[Date "2017.12.16"]
[Round "4.2"]
[White "Paltrinieri, Nicholas"]
[Black "Fongarolli, Diego"]
[Result "1-0"]
[WhiteElo "2234"]
[BlackElo "1951"]
[PlyCount "77"]
[EventDate "2017.12.17"]

1. d4 Nf6 2. Bg5 Ne4 3. Bf4 c5 4. f3 Nf6 5. d5 d6 6. e4 Qb6 7. Nc3 Bd7 8. Qd2
Na6 9. Nge2 h6 10. g4 Nc7 11. Ng3 Nb5 12. Bxb5 Bxb5 13. O-O-O g6 14. e5 dxe5
15. Bxe5 O-O-O 16. Bxf6 exf6 17. Nxb5 Qxb5 18. Qc3 Rg8 19. Rhe1 c4 20. Re4 Kb8
21. Qxc4 Qxc4 22. Rxc4 Bd6 23. Re4 Rge8 24. Red4 Re3 25. R4d3 Bf4 26. Rxe3
Bxe3+ 27. Kb1 Bf4 28. c4 b6 29. Re1 Be5 30. b3 a5 31. Kc2 Kc7 32. Kd3 b5 33.
Re2 Kb6 34. Rc2 bxc4+ 35. bxc4 Kc7 36. Ne4 Rb8 37. c5 Rb5 38. Rc4 Rb2 39. Ra4
1-0

[Event "Kaltern/Tramin-Gries"]
[Site "?"]
[Date "2017.12.16"]
[Round "4.3"]
[White "Paulmichl, Martin"]
[Black "Panjkovic, Aleksandar"]
[Result "1/2-1/2"]
[WhiteElo "1870"]
[BlackElo "2074"]
[PlyCount "113"]
[EventDate "2017.12.17"]

1. d4 d6 2. Nf3 Nf6 3. Bg5 Nbd7 4. Nbd2 h6 5. Bh4 g5 6. Bg3 Nh5 7. e4 Bg7 8. c3
e6 9. Bd3 Qe7 10. Qe2 Nf8 11. e5 d5 12. Nb3 b6 13. Nfd2 Nxg3 14. hxg3 a5 15. a4
Bd7 16. Qf3 Bc6 17. Bb5 Bxb5 18. axb5 Qd7 19. c4 Ng6 20. cxd5 exd5 21. Qd3 O-O
22. Nf3 a4 23. Nbd2 Ra5 24. b4 Qxb5 25. Qxb5 Rxb5 26. Rxa4 c5 27. bxc5 bxc5 28.
dxc5 Rxc5 29. Ke2 Re8 30. Kd3 Nxe5+ 31. Nxe5 Rxe5 32. Ra8+ Kh7 33. Nf3 Rf5 34.
g4 Rf4 35. Nxg5+ Kg6 36. Nf3 Rxg4 37. Nh4+ Kh7 38. f3 Rb4 39. Ra3 Rb2 40. g4
Rcb5 41. Nf5 R5b3+ 42. Rxb3 Rxb3+ 43. Ke2 Bf8 44. Rd1 Rb5 45. Ne3 Rb2+ 46. Rd2
Rxd2+ 47. Kxd2 d4 48. Nf5 Bc5 49. Kd3 Kg6 50. Nxd4 Bxd4 51. Kxd4 f5 52. gxf5+
Kxf5 53. Ke3 h5 54. Kf2 Kf4 55. Kg2 h4 56. Kh3 Kxf3 57. Kxh4 1/2-1/2

[Event "Kaltern/Tramin-Gries"]
[Site "?"]
[Date "2017.12.16"]
[Round "4.4"]
[White "Waldner, Mirko"]
[Black "Niederstaetter, Harald"]
[Result "1-0"]
[WhiteElo "1912"]
[BlackElo "1943"]
[PlyCount "53"]
[EventDate "2017.12.17"]

1. f4 d5 2. Nf3 Nc6 3. e3 Bg4 4. Bb5 e6 5. O-O Nge7 6. b3 a6 7. Be2 Nf5 8. Bb2
Be7 9. Ne5 Bxe2 10. Qxe2 O-O 11. Nxc6 bxc6 12. Rf3 c5 13. d3 Bf6 14. c3 Nd6 15.
e4 dxe4 16. dxe4 e5 17. f5 c4 18. Nd2 Bg5 19. Nxc4 Nxc4 20. Qxc4 a5 21. Ba3 Re8
22. Rd3 Qc8 23. Bc5 Qb7 24. Rad1 Ra6 25. Rd7 Rf6 26. Rd8 Qc6 27. R1d7 1-0

[Event "Kaltern/Tramin-Gries"]
[Site "?"]
[Date "2017.12.16"]
[Round "4.5"]
[White "Spornberger, Peter"]
[Black "Thaler, Elmar"]
[Result "1/2-1/2"]
[WhiteElo "1537"]
[BlackElo "1736"]
[PlyCount "50"]
[EventDate "2017.12.17"]

1. e4 c6 2. d4 d5 3. exd5 cxd5 4. c4 Nf6 5. Nc3 e6 6. Nf3 Be7 7. Bd3 O-O 8. O-O
a6 9. Re1 dxc4 10. Bxc4 b5 11. Bb3 Bb7 12. a3 Nd5 13. Nxd5 Bxd5 14. Be3 Qd6 15.
Bxd5 Qxd5 16. b4 Nd7 17. Rc1 Rfc8 18. Qd3 Bf6 19. Red1 g6 20. h3 Nb6 21. Rc5
Qb7 22. Rdc1 Be7 23. R5c2 Rxc2 24. Rxc2 Rc8 25. Ne5 Nd5 1/2-1/2

[Event "Arci-Ehrenburg2"]
[Site "?"]
[Date "2018.01.13"]
[Round "5.3"]
[White "Harrasser, Jakob"]
[Black "Moser, Gabriele"]
[Result "0-1"]
[WhiteElo "1469"]
[BlackElo "1885"]
[PlyCount "98"]
[EventDate "2018.01.??"]

1. c4 Nf6 2. g3 g6 3. Nf3 Bg7 4. Bg2 O-O 5. O-O d5 6. cxd5 Nxd5 7. Nc3 c6 8. e4
Nb6 9. d3 N8d7 10. Be3 Ne5 11. Nxe5 Bxe5 12. d4 Bg7 13. d5 Nc4 14. Qc1 cxd5 15.
exd5 Bf5 16. b3 Nxe3 17. Qxe3 Rc8 18. Rac1 Qd7 19. Ne2 b6 20. Rxc8 Rxc8 21. Rc1
Rxc1+ 22. Nxc1 e6 23. Qd2 exd5 24. Qxd5 Qe7 25. Nd3 Qe2 26. Bf1 Qxa2 27. Nf4 h5
28. Kg2 Qc2 29. Qd8+ Kh7 30. Bd3 Bxd3 31. Qxd3 Qxd3 32. Nxd3 f5 33. h4 Bd4 34.
Kf3 Kg7 35. Nb4 a5 36. Nc2 Bc5 37. Ke2 b5 38. Ne1 a4 39. bxa4 bxa4 40. Nd3 Bb6
41. f4 a3 42. Nc1 Kf6 43. Kd3 Bc5 44. Kc2 Ke6 45. Kb3 Kd5 46. Nd3 Bd6 47. Ne1
Ke4 48. Kc2 Bb4 49. Nd3 a2 0-1

[Event "Arci2-Kaltern/Tramin2"]
[Site "?"]
[Date "2018.01.13"]
[Round "5.5"]
[White "Stadler, Helmuth"]
[Black "Scarabello, Graziano"]
[Result "1-0"]
[WhiteElo "1636"]
[BlackElo "1366"]
[PlyCount "61"]
[EventDate "2018.01.??"]

1. e4 c5 2. f4 e6 3. Nf3 g6 4. Nc3 Bg7 5. Be2 a6 6. O-O b5 7. e5 Nc6 8. Kh1
Nge7 9. Ne4 Nf5 10. Nxc5 d6 11. Nd3 Ncd4 12. c3 Nxe2 13. Qxe2 Bb7 14. Nf2 h5
15. d4 h4 16. Nh3 Qe7 17. Be3 f6 18. Bf2 Rc8 19. Rfe1 dxe5 20. dxe5 Bd5 21.
exf6 Bxf6 22. Ne5 Qh7 23. Qg4 Bxe5 24. Rxe5 Ng3+ 25. Kg1 Kd7 26. Rxd5+ Kc7 27.
Rc5+ Kb7 28. Qf3+ Kb8 29. Rxc8+ Rxc8 30. hxg3 hxg3 31. Bxg3 1-0

[Event "Deutschnofen-Bruneck"]
[Site "?"]
[Date "2018.01.13"]
[Round "5.1"]
[White "Peintner, Andreas"]
[Black "Manca, Federico"]
[Result "0-1"]
[WhiteElo "1942"]
[BlackElo "2411"]
[PlyCount "60"]
[EventDate "2018.01.??"]

1. d4 Nf6 2. Nf3 e6 3. Bg5 c5 4. e3 Be7 5. Nbd2 b6 6. c3 Bb7 7. Bd3 Nc6 8. Qe2
cxd4 9. exd4 Nd5 10. Bxe7 Ncxe7 11. g3 O-O 12. Ba6 Qc8 13. Bxb7 Qxb7 14. O-O b5
15. Ne4 a6 16. Ne5 Qc7 17. a4 d6 18. Nf3 Qc6 19. a5 Ng6 20. h4 h6 21. h5 Nge7
22. Rfc1 f5 23. Ned2 Rf6 24. c4 bxc4 25. Qxc4 Qe8 26. Qa4 Qxh5 27. Kg2 f4 28.
Qa2 fxg3 29. fxg3 Ne3+ 30. Kf2 Raf8 0-1

[Event "Deutschnofen-Bruneck"]
[Site "?"]
[Date "2018.01.13"]
[Round "5.2"]
[White "Dappiano, Andrea"]
[Black "Balzarini, Franco"]
[Result "1-0"]
[WhiteElo "2258"]
[BlackElo "1845"]
[PlyCount "79"]
[EventDate "2018.01.??"]

1. e4 c5 2. Nc3 e6 3. g3 Nc6 4. Bg2 a6 5. d3 Nf6 6. f4 d6 7. Nf3 Qc7 8. O-O Be7
9. h3 Bd7 10. Be3 Rc8 11. g4 O-O 12. g5 Ne8 13. h4 b5 14. Nh2 b4 15. Ne2 g6 16.
Ng3 Ng7 17. Ng4 f5 18. gxf6 Bxf6 19. Nxf6+ Rxf6 20. c3 Rcf8 21. d4 bxc3 22.
bxc3 cxd4 23. cxd4 Ne7 24. Qb3 Rb8 25. Qa3 Bb5 26. Rfc1 Qd7 27. e5 dxe5 28.
dxe5 Rff8 29. Bc5 Rfe8 30. Rd1 Nd5 31. Ne4 Nh5 32. Nd6 Nhxf4 33. Nxe8 Rxe8 34.
Bf1 Bxf1 35. Rxf1 Qc6 36. Rf3 Qb5 37. Raf1 Qc4 38. Be3 Rf8 39. Qxf8+ Kxf8 40.
Rxf4+ 1-0

[Event "Deutschnofen-Bruneck"]
[Site "?"]
[Date "2018.01.13"]
[Round "5.3"]
[White "Niederkofler, Andreas"]
[Black "Zamengo, Fulvio"]
[Result "0-1"]
[WhiteElo "1789"]
[BlackElo "2304"]
[PlyCount "70"]
[EventDate "2018.01.??"]

1. e4 e6 2. d4 d5 3. exd5 exd5 4. Nf3 Bd6 5. Bd3 Nc6 6. c3 Nge7 7. Qc2 Bg4 8.
Nbd2 Qd7 9. O-O f6 10. Re1 g5 11. b4 h5 12. b5 Na5 13. a4 O-O-O 14. Ba3 Bxa3
15. Rxa3 h4 16. Qb2 Nf5 17. Qb4 b6 18. Raa1 Nd6 19. Re3 Bf5 20. Bxf5 Nxf5 21.
Re2 Rde8 22. Rxe8+ Rxe8 23. Nb3 Nxb3 24. Qxb3 g4 25. Nd2 g3 26. fxg3 hxg3 27.
h3 Re2 28. Nf3 Ne3 29. Ra2 Rxa2 30. Qxa2 Qf5 31. Qe2 Qb1+ 32. Ne1 Qc1 33. h4
Kd7 34. Kh1 Nc2 35. Qf1 Nxe1 0-1

[Event "Deutschnofen-Bruneck"]
[Site "?"]
[Date "2018.01.13"]
[Round "5.4"]
[White "Micheli, Carlo"]
[Black "Lanz, Josef"]
[Result "1-0"]
[WhiteElo "2235"]
[BlackElo "1603"]
[PlyCount "49"]
[EventDate "2018.01.??"]

1. e4 c5 2. Nf3 Nc6 3. c3 a6 4. d4 cxd4 5. cxd4 e6 6. d5 exd5 7. exd5 Qe7+ 8.
Be2 Ne5 9. O-O Nxf3+ 10. Bxf3 Qd6 11. Nc3 Nf6 12. Re1+ Be7 13. Qe2 Kd8 14. Bf4
Qxf4 15. Qxe7+ Kc7 16. Rac1 Kb8 17. Qxf7 Qg5 18. Na4 Ka7 19. Qe7 Re8 20. Qc5+
Kb8 21. Rxe8 Nxe8 22. Qxc8+ Ka7 23. Qc5+ Kb8 24. Nb6 d6 25. Nd7# 1-0

[Event "Deutschnofen-Bruneck"]
[Site "?"]
[Date "2018.01.13"]
[Round "5.5"]
[White "Peintner, Markus"]
[Black "Tonina, Filippo"]
[Result "0-1"]
[WhiteElo "1456"]
[BlackElo "1964"]
[PlyCount "59"]
[EventDate "2018.01.??"]

1. c4 e5 2. Nc3 d6 3. e4 f5 4. exf5 Bxf5 5. d3 Nf6 6. g3 c6 7. Bg2 Nbd7 8. Nge2
Nc5 9. d4 Nd3+ 10. Kf1 Be7 11. h3 O-O 12. Be3 Nxb2 13. Qb3 Qb6 14. dxe5 Qxb3
15. axb3 dxe5 16. Kg1 Nd3 17. Rxa7 Rxa7 18. Bxa7 Ra8 19. Be3 Ra3 20. Kh2 Rxb3
21. g4 Be6 22. Rd1 Bxc4 23. g5 Nd5 24. Nxd5 cxd5 25. h4 d4 26. Nxd4 exd4 27.
Bxd4 Nf4 28. Be4 Rh3+ 29. Kg1 Rxh4 30. Bxb7 0-1

[Event "Deutschnofen-Bruneck"]
[Site "?"]
[Date "2018.01.13"]
[Round "5.6"]
[White "Thurner, Markus"]
[Black "Scanferla, Antonio"]
[Result "1-0"]
[WhiteElo "1910"]
[BlackElo "1416"]
[PlyCount "67"]
[EventDate "2018.01.??"]

1. e4 e5 2. Nc3 Nc6 3. Bc4 Nf6 4. d3 h6 5. Be3 d6 6. Nge2 Na5 7. Bb3 Nxb3 8.
axb3 a6 9. h3 Be7 10. Qd2 d5 11. exd5 Nxd5 12. Nxd5 Qxd5 13. Nc3 Qxg2 14. O-O-O
Qc6 15. d4 exd4 16. Bxd4 Bf6 17. Rhe1+ Be6 18. Bxf6 gxf6 19. Qf4 Kf8 20. Qxf6
Rh7 21. Ne4 Bd5 22. Qh4 Bxe4 23. Rxe4 f6 24. Rf4 Kf7 25. Rc4 Qe6 26. Rxc7+ Kg8
27. Rg1+ Kh8 28. Rc3 Rg8 29. Rcg3 Rg5 30. f4 Qe4 31. Rg4 Qe3+ 32. Kb1 f5 33.
Rxg5 hxg5 34. Qxg5 1-0

[Event "Ehrenburg-Kaltern/Tramin"]
[Site "?"]
[Date "2018.01.13"]
[Round "5.1"]
[White "Panjkovic, Aleksandar"]
[Black "Hengl, Christian"]
[Result "1/2-1/2"]
[WhiteElo "2074"]
[BlackElo "2157"]
[PlyCount "36"]
[EventDate "2018.01.??"]

1. c4 c6 2. Nf3 d5 3. b3 Bf5 4. Bb2 Nd7 5. g3 Ngf6 6. d3 e6 7. Nbd2 Be7 8. Bg2
h6 9. O-O O-O 10. Rc1 Rc8 11. Rc2 Re8 12. Qa1 Bf8 13. Re1 Bh7 14. Ne5 Nxe5 15.
Bxe5 Nd7 16. Bb2 f6 17. a3 Nb6 18. Rec1 Qd7 1/2-1/2

[Event "Ehrenburg-Kaltern/Tramin"]
[Site "?"]
[Date "2018.01.13"]
[Round "5.3"]
[White "Waldner, Mirko"]
[Black "Babinetz, Rainer"]
[Result "1/2-1/2"]
[WhiteElo "1912"]
[BlackElo "1959"]
[PlyCount "97"]
[EventDate "2018.01.??"]

1. d4 d5 2. c4 Nc6 3. Nf3 e5 4. dxe5 d4 5. a3 Be6 6. Qc2 Qd7 7. Nbd2 Nge7 8. g3
Ng6 9. Bg2 Ngxe5 10. O-O O-O-O 11. Rd1 Be7 12. b4 h5 13. b5 Nxf3+ 14. Nxf3 Na5
15. Qa4 b6 16. Bd2 Bxc4 17. Bxa5 Bxb5 18. Qxd4 Qxd4 19. Nxd4 Ba4 20. Rd3 bxa5
21. Bh3+ Kb7 22. Rb1+ Ka6 23. e3 Rb8 24. Nb3 Rb6 25. Bf1 Kb7 26. Nxa5+ Kb8 27.
Rc1 c5 28. Nc4 Bb5 29. Nxb6 Bxd3 30. Nd7+ Kc7 31. Nxc5 Bxf1 32. Kxf1 h4 33. Ke2
hxg3 34. hxg3 g6 35. a4 Rh5 36. Ne6+ Kd7 37. Nd4 Bc5 38. Kd3 Bb6 39. Rc4 Rh2
40. Rc2 Rh1 41. g4 Ra1 42. Rc4 Ra3+ 43. Ke4 Ra2 44. f3 Ra3 45. f4 Ra1 46. Nc6
Ra3 47. Nd4 Ra1 48. f5 Rg1 49. Kf3 1/2-1/2

[Event "Ehrenburg-Kaltern/Tramin"]
[Site "?"]
[Date "2018.01.13"]
[Round "5.4"]
[White "Gruber, Alexander"]
[Black "Comai, Samuele"]
[Result "0-1"]
[WhiteElo "1815"]
[BlackElo "1812"]
[PlyCount "60"]
[EventDate "2018.01.??"]

1. e4 e6 2. d4 d5 3. exd5 exd5 4. Nf3 Bd6 5. Bd3 Nc6 6. c3 Nge7 7. O-O Bg4 8.
Be3 Qd7 9. Nbd2 O-O-O 10. b4 Rde8 11. Re1 f6 12. Qa4 Kb8 13. b5 Nd8 14. c4 dxc4
15. Bxc4 Nf5 16. Qb3 g5 17. a4 Nxe3 18. fxe3 h5 19. Be2 h4 20. Nf1 Be6 21. Bc4
g4 22. N3d2 g3 23. Bxe6 gxh2+ 24. Nxh2 Nxe6 25. Ndf1 h3 26. gxh3 Rxh3 27. Ra2
Nxd4 28. Qc3 Rg8+ 29. Rg2 Nf3+ 30. Nxf3 Rxg2+ 0-1

[Event "Ehrenburg-Kaltern/Tramin"]
[Site "?"]
[Date "2018.01.13"]
[Round "5.5"]
[White "Unterkofler, Alex"]
[Black "Mitterhofer, Martin"]
[Result "1-0"]
[WhiteElo "1680"]
[BlackElo "1553"]
[PlyCount "45"]
[EventDate "2018.01.??"]

1. e4 d6 2. d4 Nf6 3. Nc3 g6 4. f4 Bg7 5. Nf3 b6 6. Bc4 Bb7 7. O-O O-O 8. e5
dxe5 9. dxe5 Qxd1 10. Rxd1 Nfd7 11. Ng5 Nc5 12. b4 Ne6 13. Bxe6 fxe6 14. Nxe6
Rc8 15. Nd5 Bxd5 16. Rxd5 Na6 17. Ba3 c6 18. Rd7 Kf7 19. Nxg7 Kxg7 20. Rxe7+
Kg8 21. Rd1 Nc7 22. Rdd7 Nd5 23. Rg7+ 1-0

[Event "Ehrenburg-Kaltern/Tramin"]
[Site "?"]
[Date "2018.01.13"]
[Round "5.6"]
[White "Messner, Alex"]
[Black "Thaler, Elmar"]
[Result "1/2-1/2"]
[WhiteElo "1652"]
[BlackElo "1736"]
[PlyCount "52"]
[EventDate "2018.01.??"]

1. Nf3 d5 2. g3 Nf6 3. Bg2 e6 4. O-O Be7 5. d3 O-O 6. Nbd2 Nbd7 7. e4 c6 8. Qe2
dxe4 9. Nxe4 Nxe4 10. dxe4 e5 11. Rd1 Qc7 12. Be3 Nf6 13. Nh4 Bg4 14. f3 Be6
15. Nf5 Bb4 16. Bh3 Rfd8 17. a3 Bf8 18. Qf2 b6 19. Kg2 Rxd1 20. Rxd1 Rd8 21.
Qe2 h6 22. Rd2 Rxd2 23. Qxd2 Qc8 24. g4 Bxf5 25. gxf5 Qd7 26. Qxd7 Nxd7 1/2-1/2

[Event "Groeden-Gries"]
[Site "?"]
[Date "2018.01.13"]
[Round "5.1"]
[White "Zammarchi, Massimo"]
[Black "Seresin, Francesco"]
[Result "1/2-1/2"]
[WhiteElo "1943"]
[BlackElo "2191"]
[PlyCount "74"]
[EventDate "2018.01.??"]

1. e4 c5 2. Nf3 e6 3. d4 cxd4 4. Nxd4 Nf6 5. Nc3 d6 6. g4 h6 7. h4 Nc6 8. Rg1
d5 9. Bb5 Bd7 10. exd5 Nxd4 11. Bxd7+ Qxd7 12. Qxd4 Rc8 13. Be3 Bc5 14. Qe5
Bxe3 15. fxe3 Nxd5 16. Nxd5 Qxd5 17. Qxd5 exd5 18. O-O-O Rc5 19. b4 Rc4 20. a3
O-O 21. Rxd5 Re8 22. Rd3 b5 23. Kd2 h5 24. gxh5 Rec8 25. c3 Rxh4 26. Rd5 a6 27.
Rdg5 Rd8+ 28. Kc2 Rh2+ 29. R1g2 Rxg2+ 30. Rxg2 Rd5 31. Rh2 Kh7 32. e4 Rd6 33.
Rd2 Re6 34. Kd3 Kh6 35. Rh2 Re5 36. Kd4 f6 37. Rh1 Re7 1/2-1/2

[Event "Groeden-Gries"]
[Site "?"]
[Date "2018.01.13"]
[Round "5.2"]
[White "Demetz, Rainer"]
[Black "Fongarolli, Diego"]
[Result "1/2-1/2"]
[WhiteElo "2187"]
[BlackElo "1951"]
[PlyCount "57"]
[EventDate "2018.01.??"]

1. e4 c5 2. Nf3 d6 3. d4 cxd4 4. Nxd4 Nf6 5. Nc3 a6 6. f4 e5 7. Nf3 Qc7 8. Bd3
Be7 9. O-O O-O 10. a4 Be6 11. Qe2 exf4 12. Bxf4 Nc6 13. Kh1 Ne5 14. Nd4 Nfd7
15. Nf5 Bf6 16. Qe3 Bxf5 17. Nd5 Qd8 18. exf5 Re8 19. Nxf6+ Nxf6 20. Rad1 Qa5
21. b3 Rac8 22. Qd4 Qc5 23. Qxc5 Rxc5 24. Kg1 Nxd3 25. cxd3 Rd5 26. h3 h6 27.
g4 Nd7 28. b4 Rd4 29. Rf3 1/2-1/2

[Event "Groeden-Gries"]
[Site "?"]
[Date "2018.01.13"]
[Round "5.3"]
[White "Paulmichl, Martin"]
[Black "Bernardi, Ruben"]
[Result "1/2-1/2"]
[WhiteElo "1870"]
[BlackElo "2107"]
[PlyCount "155"]
[EventDate "2018.01.??"]

1. d4 e6 2. Bf4 c5 3. c3 d5 4. e3 Nc6 5. Nf3 Qb6 6. Qc2 Bd7 7. Nbd2 Nf6 8. Be2
Rc8 9. Rc1 Nh5 10. Bg3 Nxg3 11. hxg3 cxd4 12. exd4 g6 13. a3 Bg7 14. Nb3 e5 15.
dxe5 Nxe5 16. Nbd4 Nxf3+ 17. Nxf3 O-O 18. Qd2 Rfe8 19. O-O Rcd8 20. Rfe1 Bg4
21. Nd4 Bxe2 22. Nxe2 h5 23. Rcd1 Rd7 24. Nd4 Qd8 25. Rxe8+ Qxe8 26. Re1 Re7
27. Rxe7 Qxe7 28. Nc2 Qc5 29. Kh2 Bf6 30. Kg1 Kg7 31. Nb4 d4 32. cxd4 Bxd4 33.
Nd3 Qc4 34. Kh2 b5 35. Kg1 Bf6 36. Kh2 a5 37. Kg1 Qd4 38. Qc2 Qc4 39. Qd1 a4
40. Qd2 Qd5 41. Qe2 Kh7 42. Nf4 Qc4 43. Qd2 Qa2 44. Nd3 Qb1+ 45. Kh2 Kg7 46.
Qe2 Qa2 47. Qd2 Qc4 48. Kg1 h4 49. gxh4 Qxh4 50. g3 Qd4 51. Qe2 Qc4 52. Kg2 Kh7
53. Qd2 Qd5+ 54. Kh2 Bxb2 55. Qxb2 Qxd3 56. Kg1 Qb3 57. Qf6 Qb1+ 58. Kg2 Qf5
59. Qd4 Kg8 60. Qd8+ Kg7 61. Qd4+ f6 62. Qd8 Qe4+ 63. Kg1 Qe1+ 64. Kg2 Qe4+ 65.
Kg1 Qe6 66. Qc7+ Kh6 67. Qb8 Qe1+ 68. Kg2 Qe4+ 69. Kg1 Qc4 70. Kg2 g5 71. Qh8+
Kg6 72. Qe8+ Kg7 73. Qd7+ Kf8 74. Qd8+ Kf7 75. Qd7+ Kg6 76. Qe8+ Kf5 77. Qd7+
Kg6 78. Qe8+ 1/2-1/2

[Event "Groeden-Gries"]
[Site "?"]
[Date "2018.01.13"]
[Round "5.4"]
[White "Moroder, Thomas"]
[Black "Niederstaetter, Harald"]
[Result "1/2-1/2"]
[WhiteElo "1980"]
[BlackElo "1943"]
[PlyCount "51"]
[EventDate "2018.01.??"]

1. e4 d6 2. d4 Nf6 3. f3 Nbd7 4. Be3 e5 5. Ne2 c6 6. c4 Be7 7. Nbc3 a6 8. d5
cxd5 9. cxd5 Nh5 10. Qd2 h6 11. Nc1 Bg5 12. Nd3 Bxe3 13. Qxe3 Qb6 14. Kf2 Nf4
15. Qxb6 Nxd3+ 16. Bxd3 Nxb6 17. a4 Bd7 18. Rhc1 Rc8 19. a5 Na8 20. Nd1 Ke7 21.
Ne3 Rxc1 22. Rxc1 Rc8 23. Rxc8 Bxc8 24. Nc4 Bd7 25. Ke3 Bb5 26. Nb6 1/2-1/2

[Event "Groeden-Gries"]
[Site "?"]
[Date "2018.01.13"]
[Round "5.5"]
[White "Ellemund, Gabriel"]
[Black "Grossi, Christian"]
[Result "0-1"]
[WhiteElo "1588"]
[BlackElo "1841"]
[PlyCount "52"]
[EventDate "2018.01.??"]

1. d4 d5 2. Bf4 Nf6 3. e3 e6 4. Nd2 c5 5. c3 Nc6 6. Ngf3 Bd6 7. Bg3 O-O 8. Bd3
Re8 9. Ne5 cxd4 10. exd4 Bxe5 11. dxe5 Nd7 12. Qh5 g6 13. Qe2 f5 14. h4 Nc5 15.
Nf3 d4 16. Nxd4 Nxd4 17. cxd4 Qxd4 18. Rd1 Qb4+ 19. Kf1 Rd8 20. Bb1 Bd7 21. a3
Qb3 22. Qc2 Bb5+ 23. Kg1 Rxd1+ 24. Kh2 Rxh1+ 25. Kxh1 Qxc2 26. Bxc2 Bd3 0-1

[Event "Groeden-Gries"]
[Site "?"]
[Date "2018.01.13"]
[Round "5.6"]
[White "Grossrubatscher, Herbert"]
[Black "Spornberger, Peter"]
[Result "1/2-1/2"]
[WhiteElo "1549"]
[BlackElo "1537"]
[PlyCount "52"]
[EventDate "2018.01.??"]

1. e4 e5 2. Nf3 Nf6 3. Nc3 Nc6 4. d4 exd4 5. Nxd4 Bb4 6. Bg5 h6 7. Nxc6 bxc6 8.
Bd2 O-O 9. Bd3 Re8 10. f3 d5 11. O-O Bc5+ 12. Kh1 dxe4 13. Nxe4 Bd4 14. c3 Bb6
15. Qc2 Bb7 16. Rad1 c5 17. Nxf6+ Qxf6 18. c4 Rad8 19. Bc3 Qg5 20. a4 c6 21. f4
Qe7 22. Rf3 Bc7 23. Rdf1 Bc8 24. Rg3 f6 25. h3 Kh8 26. Bg6 Qe2 1/2-1/2

[Event "Lana-Kaltern/Tramin3"]
[Site "?"]
[Date "2018.01.13"]
[Round "5.4"]
[White "Menghin, Karl"]
[Black "Florian, Andreas"]
[Result "0-1"]
[WhiteElo "1445"]
[BlackElo "1517"]
[PlyCount "60"]
[EventDate "2018.01.??"]

1. c4 e6 2. g3 d5 3. Bg2 Nf6 4. cxd5 exd5 5. Nf3 c5 6. O-O Nc6 7. b3 Be7 8. Bb2
O-O 9. d3 Be6 10. Nbd2 Qd7 11. Re1 Rad8 12. Ne5 Nxe5 13. Bxe5 Rfe8 14. Rc1 Ng4
15. Bb2 d4 16. Nf1 Bd5 17. e4 dxe3 18. Nxe3 Nxe3 19. Rxe3 Bxg2 20. Kxg2 Qd5+
21. Kg1 Bg5 22. Rxe8+ Rxe8 23. Rc4 Rd8 24. Qg4 Re8 25. Re4 Rd8 26. d4 f5 27.
Qxg5 fxe4 28. Qg4 cxd4 29. h4 Rd7 30. h5 d3 0-1

[Event "Richter/Lask-Klausen"]
[Site "?"]
[Date "2018.01.13"]
[Round "5.1"]
[White "Schacher, Gerd"]
[Black "De Eccher, Stefano"]
[Result "1/2-1/2"]
[WhiteElo "2281"]
[BlackElo "2195"]
[PlyCount "33"]
[EventDate "2018.01.??"]

1. Nf3 d5 2. c4 c6 3. e3 Nf6 4. Nc3 a6 5. Qc2 Bg4 6. Ne5 Bh5 7. cxd5 Nxd5 8. d4
Nd7 9. Nd3 Bg6 10. Qb3 Qb6 11. Qxb6 N7xb6 12. Ne5 Rd8 13. Be2 e6 14. Bd2 c5 15.
dxc5 Bxc5 16. Nxd5 Nxd5 17. Nxg6 1/2-1/2

[Event "Richter/Lask-Klausen"]
[Site "?"]
[Date "2018.01.13"]
[Round "5.2"]
[White "Moncher, Stefano"]
[Black "Seebacher, Michael"]
[Result "1-0"]
[WhiteElo "2182"]
[BlackElo "1844"]
[PlyCount "106"]
[EventDate "2018.01.??"]

1. e4 Nc6 2. Nf3 f5 3. exf5 d5 4. d4 Bxf5 5. Bd3 Qd7 6. O-O O-O-O 7. c3 Re8 8.
Bf4 h6 9. Na3 Nf6 10. Nb5 Bxd3 11. Qxd3 a6 12. Nxc7 Nh5 13. Be5 Nxe5 14. Nxe5
Qxc7 15. Qh3+ e6 16. Qxh5 Bd6 17. Rae1 Bxe5 18. Rxe5 Rhf8 19. Rfe1 Qd7 20. Qe2
Rf6 21. b3 Kb8 22. Qe3 g5 23. Rxg5 hxg5 24. Qe5+ Qc7 25. Qxf6 Qxc3 26. Qe5+ Ka7
27. h3 Qd2 28. Re2 Qc1+ 29. Kh2 g4 30. Qe3 Qc6 31. hxg4 Qc7+ 32. Qe5 Rh8+ 33.
Kg1 Qh7 34. f3 Qh1+ 35. Kf2 Qh4+ 36. Ke3 Qh1 37. Kf2 Qh4+ 38. Qg3 Qf6 39. Re5
Rh1 40. g5 Qg6 41. f4 Qb1 42. Qe3 Qg1+ 43. Kf3 Qd1+ 44. Qe2 Qc1 45. Kg3 Qg1 46.
g6 Qh2+ 47. Kf3 Qh8 48. Rg5 Qg7 49. Qe5 Qh6 50. g7 Qh4 51. Qe2 e5 52. dxe5 Rc1
53. Qf2+ Qxf2+ 1-0